Devinez le Pays Mystère #62 - Statistiques

Statistiques générales
  • Ce quiz a été pris 372 fois
  • Le résultat moyen est 11 sur 17
Statistiques - réponses
Type de Réponse Réponse % Correct
Lettre Trouvée A
96%
Lettre Trouvée E
95%
Lettre Trouvée I
95%
Lettre Bien Placée E
93%
Lettre Trouvée U
88%
Lettre Trouvée R
87%
Lettre Trouvée T
79%
Lettre Trouvée C
59%
Lettre Bien Placée I
55%
Lettre Trouvée H
49%
Lettre Bien Placée T
49%
Lettre Bien Placée U
47%
Lettre Bien Placée A
36%
Lettre Bien Placée C
36%
Pays Mystère Autriche
36%
Lettre Bien Placée H
36%
Lettre Bien Placée R
36%
Aucun quiz correspondant
Distribution des résultats
% des personnes avec chaque résultat
Percentile par nombre de réponses
Votre historique - résultats
Vous n’avez pas pris ce quiz